Hương ước cổ Hưng Yên

Tìm hiểu về tục lê xã Nghĩa Lộ, xã Cát Lư, Tổng Đại từ huyện Văn Lâm tỉnh Hưng Yên. Tìm hiểu về Hương ước cổ Hưng Yên.

Đã lưu trong:
Bibliografiske detaljer
Andre forfattere: Nguyễn Tá Nhí (St. & bd.), Lã Minh Hằng (St. & bd.), Đỗ Thị Bích Tuyền (St. & bd.), Nguyễn Thúy Loan (St. & bd.)
Format: Bog
Sprog:Vietnamese
Udgivet: H. Khoa học xã hội 2013
Serier:ĐTTS ghi: Hội Văn nghệ dân gian Việt Nam
Fag:
Tags: Tilføj Tag
Ingen Tags, Vær først til at tagge denne postø!
Thư viện lưu trữ: Mạng thư viện Đại học Đà Nẵng
LEADER 01769nam a2200397 4500
001 000019595
003 16030
005 20140722100724.0
008 140623s2013 viesd
041 0 |a vie 
082 1 4 |a 398.35  |b Hươ 
245 1 0 |a Hương ước cổ Hưng Yên  |c Sưu tầm và diên dịch: Nguyễn Tá Nhí, Lã Minh Hằng, Đỗ Thị Bích Tuyền, Nguyễn Thúy Loan 
260 |a H.  |b Khoa học xã hội  |c 2013 
300 |a 319 tr.  |c 21 cm. 
490 |a ĐTTS ghi: Hội Văn nghệ dân gian Việt Nam 
504 |a Thư mục tr. 4317-319 
520 3 |a Tìm hiểu về tục lê xã Nghĩa Lộ, xã Cát Lư, Tổng Đại từ huyện Văn Lâm tỉnh Hưng Yên. Tìm hiểu về Hương ước cổ Hưng Yên. 
650 0 4 |a Phong tục tập quán  |x Nghiên cứu  |z Hưng Yên 
653 |a Phong tục tập quán 
653 |a Hương ước cổ 
700 1 |a Nguyễn Tá Nhí  |e St. & bd. 
700 1 |a Lã Minh Hằng  |e St. & bd. 
700 1 |a Đỗ Thị Bích Tuyền  |e St. & bd. 
700 1 |a Nguyễn Thúy Loan  |e St. & bd. 
OWN |a LSP 
AVA |a UDN50  |b LNN  |d 398.35 NG-N  |e available  |t Error 5001 Not defined in file expand_doc_bib_avail.  |f 1  |g 0  |h N  |i 0 
AVA |a UDN50  |b LSP  |d 398.35 Hươ  |e available  |t Error 5001 Not defined in file expand_doc_bib_avail.  |f 1  |g 0  |h N  |i 0  |k 1 
999 |a From the UDN01 
AVA |a UDN50  |b LNN  |d 398.35 NG-N  |e available  |t Error 5001 Not defined in file expand_doc_bib_avail.  |f 1  |g 0  |h N  |i 0 
AVA |a UDN50  |b LSP  |d 398.35 Hươ  |e available  |t Error 5001 Not defined in file expand_doc_bib_avail.  |f 1  |g 0  |h N  |i 0  |k 1 
TYP |a Monograph 
TYP |a Printed language 
980 |a Mạng thư viện Đại học Đà Nẵng